|
|
|
|
| LEADER |
01126nam a2200253 a 4500 |
| 001 |
0017843 |
| 003 |
BD-DhAAL |
| 008 |
090804s1997 nyua b 001 0 eng d |
| 010 |
|
|
|a 97060232
|
| 020 |
|
|
|a 0500050848
|c $34.95
|
| 040 |
|
|
|a IHS
|c IHS
|d IWhN
|d CLCMAr
|d DLC
|d BD-DhAAL
|
| 082 |
|
|
|a 932
|2 21
|
| 100 |
1 |
|
|a Lehner, Mark.
|9 31980
|
| 245 |
0 |
4 |
|a The complete pyramids /
|c Mark Lehner.
|
| 260 |
|
|
|a New York :
|b Thames and Hudson,
|c 1997.
|
| 300 |
|
|
|a 256 p. :
|b ill. (some col.) ;
|c 26 cm
|
| 504 |
|
|
|a Includes bibliographical references (pages 246-252) and index.
|
| 526 |
|
|
|a ARC
|x Md. Shajjad Hossain,
Faculty members of the Department of Architecture
|
| 541 |
1 |
|
|e 0017843
|a Zeenat Book Supply Limited
|
| 650 |
|
0 |
|a Pyramids
|z Egypt.
|9 31981
|
| 852 |
4 |
|
|a Ayesha Abed Library
|c General Stacks
|
| 942 |
|
|
|2 ddc
|c BK
|
| 999 |
|
|
|c 3264
|d 3264
|
| 952 |
|
|
|0 0
|1 4
|2 ddc
|4 0
|6 932_000000000000000_LEH
|7 0
|9 2956
|a BRACUL
|b BRACUL
|c GEN
|d 2009-08-31
|e Zeenat Book Supply Limited
|g 3368.00
|l 0
|o 932 LEH
|p 3010017843
|r 2009-08-31
|t 1
|w 2009-08-31
|y BK
|x Koha Inventory 2020 ; Requisitioned by Md. Shajjad Hossain (Faculty members of the Department of Architecture).
|